Պատերազմի օրերի կուս-կազմակերպիչները / (Record no. 12512)
[ view plain ]
| 000 -LEADER | |
|---|---|
| fixed length control field | 00841nam a2200241 a 4500 |
| 001 - CONTROL NUMBER | |
| control field | 000028396 |
| 003 - CONTROL NUMBER IDENTIFIER | |
| control field | AM-YEHGA |
| 005 - DATE AND TIME OF LATEST TRANSACTION | |
| control field | 20250617121213.0 |
| 008 - FIXED-LENGTH DATA ELEMENTS--GENERAL INFORMATION | |
| fixed length control field | 001209s1983 ai | |||||||||||||arm d |
| 020 ## - INTERNATIONAL STANDARD BOOK NUMBER | |
| Terms of availability | 00.80 |
| 040 ## - CATALOGING SOURCE | |
| Original cataloging agency | AM-YeHGA |
| 041 1# - LANGUAGE CODE | |
| Language code of text/sound track or separate title | arm |
| Language code of original | rus |
| 090 ## - LOCALLY ASSIGNED LC-TYPE CALL NUMBER (OCLC); LOCAL CALL NUMBER (RLIN) | |
| -- | 12609 |
| 100 1# - MAIN ENTRY--PERSONAL NAME | |
| Personal name | Ռոշչին, Իվան Իլարիոնովիչ |
| 245 10 - TITLE STATEMENT | |
| Title | Պատերազմի օրերի կուս-կազմակերպիչները / |
| Statement of responsibility, etc. | Ի.Ի. Ռոշչին, Ա.Ի. Մարչուկ ; Թարգմ.՝ Վ.Գ. Վարդանյան. |
| 260 ## - PUBLICATION, DISTRIBUTION, ETC. | |
| Place of publication, distribution, etc. | Երևան ։ : |
| Name of publisher, distributor, etc. | Հայաստան, |
| Date of publication, distribution, etc. | 1983. |
| 300 ## - PHYSICAL DESCRIPTION | |
| Extent | 272 էջ |
| 650 14 - SUBJECT ADDED ENTRY--TOPICAL TERM | |
| Topical term or geographic name entry element | Զինված ուժեր, ռազմագիտություն |
| 653 ## - INDEX TERM--UNCONTROLLED | |
| Uncontrolled term | Բատով, Պ.Ի |
| 700 1# - ADDED ENTRY--PERSONAL NAME | |
| Personal name | Մարչուկ, Անդրեյ Իլյիչ |
| 700 1# - ADDED ENTRY--PERSONAL NAME | |
| Personal name | Վարդանյան, Վ.Գ. |
| Relator term | Թարգմ. |
| Relationship | trl |
| 942 ## - ADDED ENTRY ELEMENTS (KOHA) | |
| Source of classification or shelving scheme | Universal Decimal Classification |
| Koha item type | Գրքեր / Books |
| Withdrawn status | Lost status | Damaged status | Not for loan | Collection | Home library | Current library | Date acquired | Total checkouts | Full call number | Barcode | Date last seen | Cost, replacement price | Price effective from | Koha item type | Public note |
|---|---|---|---|---|---|---|---|---|---|---|---|---|---|---|---|
| General | Fundamental Scientific Library | Fundamental Scientific Library | 21/12/2016 | AI/17321 | FL0059074 | 21/12/2016 | 22.00 | 21/12/2016 | Գրքեր / Books | 30 Days Loan | |||||
| General | Fundamental Scientific Library | Fundamental Scientific Library | 21/12/2016 | AI/17403 | FL0059727 | 21/12/2016 | 80.00 | 21/12/2016 | Գրքեր / Books | 30 Days Loan |
ՀՀ Գիտությունների ազգային ակադեմիայի հիմնարար գիտական գրադարան = Fundamental Scientific Library of NAS RA
All site content, except where otherwise noted, is licensed under a